The Formulation of Scripture: Lib rative Hebrew Paradigm for Dalit Scripture (Record no. 20890)

MARC details
000 -LEADER
fixed length control field 00343nam a22001337a 4500
020 ## - INTERNATIONAL STANDARD BOOK NUMBER
ISBN 9788184650792
082 ## - DEWEY DECIMAL CLASSIFICATION NUMBER
Classification number 225.52 RAO
100 ## - MAIN ENTRY--AUTHOR NAME
Author name Rao, Naveen
245 ## - TITLE STATEMENT
Title The Formulation of Scripture: Lib rative Hebrew Paradigm for Dalit Scripture
260 ## - PUBLICATION, DISTRIBUTION, ETC. (IMPRINT)
Place of publication Delhi
Name of publisher ISPCK
Year of publication 2010
300 ## - PHYSICAL DESCRIPTION
Number of Pages 348
650 ## - SUBJECT ADDED ENTRY--TOPICAL TERM
Topical Term Bible-New Testament
942 ## - ADDED ENTRY ELEMENTS (KOHA)
Koha item type Books
Holdings
Collection code Home library Current library Shelving location Date acquired Source of acquisition Full call number Accession Number Koha item type
Non-fiction Henry Martyn Institute Library Henry Martyn Institute Library General stacks 03/05/2015 ISPCK 225.52 RAO 11002856 Books
                   Copyright © 2026 | Henry Martyn Institute | Hyderabad | TS-500052 | INDIA | Implemented by hmi.edu.in
Hit-Count:

Powered by Koha